The Cambridge english course

Spremljeno u:
Bibliografski detalji
Glavni autor: Swan, Michael
Format: Knjiga
Jezik:Undetermined
Izdano: Cambridge Cambridge University Press
Teme:
Oznake: Dodaj oznaku
Bez oznaka, Budi prvi tko označuje ovaj zapis!
Thư viện lưu trữ: Trung tâm Học liệu Trường Đại học Cần Thơ
LEADER 00522nam a2200181Ia 4500
001 CTU_120752
008 210402s9999 xx 000 0 und d
082 |a 428.34 
082 |b S972/B.2/Cas.2 
100 |a Swan, Michael 
245 4 |a The Cambridge english course 
245 0 |c Michael Swan, Catherine Walter 
260 |a Cambridge 
260 |b Cambridge University Press 
650 |a English language 
650 |x Study abd teaching 
904 |i M.Loan 
980 |a Trung tâm Học liệu Trường Đại học Cần Thơ